000 00619 a2200181 4500
003 Nust
005 20170207153213.0
040 _cNust
082 _a621.382
100 _aSindhu, Mansoor Ahmed (MSEE-6)
245 _aImplementation of stegnography for information security
_cMansoor Ahmed Sindhu
260 _bMCS, NUST
_c2002
_aRawalpindi
300 _axii,80 ,p.;
505 _aIntroduction to the Thesis (page-1) An over view to the Thesis (page-3) Encryption (page-28) Implementation (page-64) Conclusion and recommendation (page-74)
538 _aAlmirah No.69 Shelf No.1
650 _aPG Thesis
651 _aMSEE-6
942 _cTHS
999 _c181461
_d181461